000 01057nam a22003017a 4500
003 CHAP
005 20220329135501.0
008 971013s1958 r 00010 d
010 _a37354
011 _a38326
035 _a42446
040 _cCHAP
082 _a630.71
_bM49e
110 _aMéxico. Dirección General de Enseñanza Agrícola
_976983
245 _aEducación práctica agrícola, sexenio 1952-58
260 _aMéxico, D.F. :
_bS.E.P.,
_c1958
300 _a64 p.
_b: ilus. ; gráfs
590 _aBATCH-UPD
_b10
_c20130110
_lUCH01
_h2059
590 _aBATCH-UPD
_b10
_c20130410
_lUCH01
_h1411
590 _aBATCH-UPD
_b10
_c20130914
_lUCH01
_h1240
590 _aCONVERSION
_b10
_c20130109
_lUCH01
_h1321
650 1 4 _aEducación agrícola
_zMéxico.
_935552
901 _aBK
942 _cLIBRO
949 _a630.71 M49e
_bBC
_cLIBRO
_d33724000033478
_eLIBRO
_fc.2
_h19901
_i42446
_mD
_si
949 _a630.71 M49e
_bBC
_cLIBRO
_d33724000033486
_eLIBRO
_fc.3
_h15794
_i42446
_si
949 _a630.71 M49e
_bBC
_cLIBRO
_d33724000035564
_eLIBRO
_h19900
_i42446
_mD
_si
999 _c37354
_d37354